00795cam a2200241 a 45000010005000000030009000050050017000140080041000310200016000720200018000880400038001060820016001441000017001602450108001772500012002852600054002973000030003515040051003816500030004326500049004627000015005117000027005266240BD-DhUAP20200316141324.0200301s1998 bg abf b f000 0 eng  a8121900093  a9788121900096 aBD-DhUAPcBD-DhUAPdBD-DhUAPbEng a425 WRE223 aWren, P. C.  aHigh school English grammar and composition /cP. C. Wren, H. Martin ; revised by N. D. V. Prasada Rao. aNew ed. aNew Delhi : bS. Chand & Company, Ltd.,c©2003. aviii, 482 pages ;c24 cm. aIncludes bibliographical references and index. aEnglish languagevGrammar aEnglish languagevComposition and exercises. aH. Martin  aRao, N. D. V. Prasada